[Event "AUT-chT2O 2223"]
[Site "Austria"]
[Date "2023.02.19"]
[Round "9"]
[White "Peyrer, Konstantin"]
[Black "Maslik, Miroslav"]
[Result "1-0"]
[WhiteElo "2402"]
[BlackElo "2359"]
[PlyCount "57"]
[EventDate "2022.10.15"]
[EventType "team-tourn"]
[EventRounds "11"]
[EventCountry "AUT"]
[SourceTitle "CBM 213 Extra"]
[Source "ChessBase"]
[SourceDate "2023.05.31"]
[SourceVersion "1"]
[SourceVersionDate "2023.05.31"]
[SourceQuality "1"]
[WhiteTeam "Ottakring"]
[BlackTeam "Pamhagen"]
[WhiteTeamCountry "AUT"]
[BlackTeamCountry "AUT"]

1. d4 Nf6 2. c4 g6 3. Nf3 Bg7 4. g3 0-0 5. Bg2 d5 6. 0-0 dxc4 7. Na3 Nc6 8. Nxc4 Be6 9. b3 a5 10. Bb2 Bd5 11. Rc1 a4 12. bxa4 Ra6 13. Nfe5 Bxg2 14. Kxg2 Qa8 15. Nxc6 Rxc6 16. d5 Ra6 17. Bxf6 Bxf6 18. a5 Rd8 19. Qb3 e6 20. Ne3 Rd7 21. Rfd1 b6 22. Qa4 Rd6 23. Rxc7 exd5 24. Qf4 bxa5 25. Ng4 d4+ 26. Kg1 Kg7 27. Qh6+ Kh8 28. Qh3 Kg7 29. Nh6 1-0

[Event "SVK-chT 2122"]
[Site "Slovakia"]
[Date "2022.05.07"]
[Round "7.1"]
[White "Maslik, Miroslav"]
[Black "Blaho, Stefan"]
[Result "1/2-1/2"]
[WhiteElo "2366"]
[BlackElo "2041"]
[PlyCount "38"]
[EventDate "2021.10.23"]
[EventType "team-tourn"]
[EventRounds "11"]
[EventCountry "SVK"]
[SourceTitle "EXT 2023"]
[Source "ChessBase"]
[SourceDate "2022.10.05"]
[SourceVersion "1"]
[SourceVersionDate "2022.10.05"]
[SourceQuality "1"]
[WhiteTeam "Modra"]
[BlackTeam "Podhajska Aquamarin"]
[WhiteTeamCountry "SVK"]
[BlackTeamCountry "SVK"]

1. Nf3 d5 2. c4 c6 3. e3 Nf6 4. Nc3 g6 5. d4 Bg7 6. Bd3 0-0 7. 0-0 Na6 8. cxd5 cxd5 9. Qb3 Nc7 10. Bd2 b6 11. Ne5 Bb7 12. a4 Ne4 13. Rfd1 Nxd2 14. Rxd2 f6 15. Nf3 e6 16. Rc2 Rf7 17. a5 Bf8 18. Rac1 Na6 19. Bxa6 Bxa6 1/2-1/2

[Event "SVK-chT1W 1819"]
[Site "Slovakia"]
[Date "2019.02.02"]
[Round "7.2"]
[White "Petran, Peter"]
[Black "Maslik, Miroslav"]
[Result "1-0"]
[WhiteElo "2243"]
[BlackElo "2361"]
[PlyCount "117"]
[EventDate "2018.10.27"]
[EventType "team-tourn"]
[EventRounds "11"]
[EventCountry "SVK"]
[SourceTitle "CBM 188 Extra"]
[Source "ChessBase"]
[SourceDate "2019.02.26"]
[SourceVersion "1"]
[SourceVersionDate "2019.02.26"]
[SourceQuality "1"]
[WhiteTeam "Bratislava Slovan II"]
[BlackTeam "Bratislava Lokomotiva"]
[WhiteTeamCountry "SVK"]
[BlackTeamCountry "SVK"]

1. g3 e5 2. c4 Nf6 3. Bg2 c6 4. d4 e4 5. d5 Bb4+ 6. Bd2 Qe7 7. Nc3 0-0 8. a3 Bc5 9. e3 a5 10. Nge2 d6 11. h3 Nbd7 12. Qc2 Re8 13. g4 Qe5 14. Ng3 cxd5 15. cxd5 Nb6 16. Ncxe4 Nbxd5 17. Nxc5 dxc5 18. 0-0-0 Be6 19. f4 Qc7 20. g5 Nb4 21. Bxb4 axb4 22. gxf6 bxa3 23. Kd2 axb2 24. Rb1 c4 25. Ne2 Ra3 26. Be4 c3+ 27. Ke1 g6 28. Kf2 Qa5 29. Rhg1 Kh8 30. Rg5 Qb4 31. Bd3 Bc4 32. Re5 Rc8 33. Bxc4 Qxc4 34. Rxb2 Qa6 35. Nxc3 Qxf6 36. Rb3 Ra1 37. Rg5 Ra4 38. Qd2 Rac4 39. Ne2 Rc2 40. Qd4 Qxd4 41. exd4 R8c4 42. Rd5 Rc7 43. Rdb5 Rd2 44. Rb2 Rxb2 45. Rxb2 Kg7 46. Ke3 Re7+ 47. Kd3 Kf6 48. Rb6+ Kf5 49. Rb5+ Kf6 50. Nc3 Kg7 51. Ne4 Rd7 52. Nc5 Rd5 53. Ke4 Rh5 54. d5 Rxh3 55. d6 Kf6 56. Rxb7 Rh1 57. d7 Re1+ 58. Kf3 Ke7 59. Rb8 1-0

[Event "SVK-chT2B 1718"]
[Site "Slovakia"]
[Date "2018.03.17"]
[Round "10.1"]
[White "Maslik, Miroslav"]
[Black "Szegi, Tamas"]
[Result "0-1"]
[WhiteElo "2355"]
[BlackElo "2206"]
[PlyCount "116"]
[EventDate "2017.10.28"]
[EventType "team-tourn"]
[EventRounds "11"]
[EventCountry "SVK"]
[SourceTitle "EXT 2020"]
[Source "ChessBase"]
[SourceDate "2019.10.17"]
[SourceVersion "1"]
[SourceVersionDate "2019.10.17"]
[SourceQuality "1"]
[WhiteTeam "Trencin"]
[BlackTeam "Batorove Kosihy"]
[WhiteTeamCountry "SVK"]
[BlackTeamCountry "SVK"]

1. Nf3 Nf6 2. g3 g6 3. Bg2 Bg7 4. 0-0 d6 5. d4 0-0 6. c4 a6 7. Nc3 Nc6 8. Qd3 Rb8 9. d5 Nb4 10. Qb1 a5 11. a3 Na6 12. Qc2 Nc5 13. e4 c6 14. Be3 cxd5 15. cxd5 Bg4 16. b4 Na6 17. Qb3 Rc8 18. Nd4 axb4 19. axb4 Qc7 20. Rfc1 Qc4 21. Qxc4 Rxc4 22. f3 Rfc8 23. Nce2 Bd7 24. b5 Rxc1+ 25. Rxc1 Rxc1+ 26. Nxc1 Nc5 27. Nc6 Kf8 28. Bxc5 dxc5 29. Bf1 e6 30. Bc4 exd5 31. exd5 Ne8 32. Na5 Nd6 33. Bd3 Bc3 34. Nc4 Ke7 35. Nxd6 Kxd6 36. Bc4 f5 37. f4 Be8 38. Kf2 Bf7 39. Ke3 Bd4+ 40. Kd3 Bxd5 41. Ne2 Bf6 42. Nc1 h6 43. Nb3 Be4+ 44. Ke3 g5 45. Bf7 Bd5 46. Bxd5 Kxd5 47. Na5 b6 48. Nc6 g4 49. Na7 c4 50. Ke2 Bd4 51. Nc6 Bg1 52. Ne7+ Ke4 53. Nc8 Bc5 54. Na7 c3 55. Nc6 Bg1 56. Ne5 Bxh2 57. Nc4 Bxg3 58. Nxb6 Bxf4 0-1

[Event "AUT-chT 1718"]
[Site "Austria"]
[Date "2017.11.19"]
[Round "4.5"]
[White "Maslik, Miroslav"]
[Black "Bosiocic, Marin"]
[Result "0-1"]
[WhiteElo "2358"]
[BlackElo "2597"]
[PlyCount "128"]
[EventDate "2017.11.16"]
[EventType "team-tourn"]
[EventRounds "11"]
[EventCountry "AUT"]
[SourceTitle "CBM 181 Extra"]
[Source "ChessBase"]
[SourceDate "2017.12.12"]
[SourceVersion "1"]
[SourceVersionDate "2017.12.12"]
[SourceQuality "1"]
[WhiteTeam "Pamhagen"]
[BlackTeam "St Veit"]
[WhiteTeamCountry "AUT"]
[BlackTeamCountry "AUT"]

1. d4 Nf6 2. c4 e6 3. Nf3 a6 4. g3 b5 5. b3 Bb7 6. Bg2 Be7 7. 0-0 0-0 8. Bb2 Ra7 9. Qc2 bxc4 10. bxc4 c5 11. dxc5 Be4 12. Qc1 Nc6 13. Nbd2 Bg6 14. Nb3 Qb8 15. Nfd4 Nb4 16. c6 Rc8 17. a3 Nxc6 18. Nxc6 dxc6 19. Na5 Qb6 20. Bc3 Ne4 21. Qb2 Qxb2 22. Bxb2 f6 23. Rfd1 e5 24. Bh3 Rcc7 25. Rd3 Ng5 26. Bg2 Bxd3 27. exd3 Bc5 28. Nxc6 Rab7 29. Bd5+ Kf8 30. Bc3 Rb6 31. h4 Nh3+ 32. Kg2 Nxf2 33. d4 exd4 34. Nxd4 Re7 35. Kxf2 Rb3 36. Kg2 Rxc3 37. Ne6+ Rxe6 38. Bxe6 Rxa3 39. Rd1 Re3 40. Bc8 a5 41. Rd5 Re5 42. Rd8+ Re8 43. Rxe8+ Kxe8 44. Bf5 g6 45. Bc2 Ke7 46. Kf3 Ke6 47. g4 Ke5 48. h5 gxh5 49. gxh5 h6 50. Ba4 f5 51. Bb5 f4 52. Ba4 Bd6 53. Bc6 Kd4 54. Bb5 Bc7 55. Ke2 Kc5 56. Kd3 Kb4 57. Bc6 a4 58. Bd5 a3 59. c5 Kxc5 60. Ba2 Kd6 61. Ke4 Ke7 62. Kf3 Kf6 63. Bb3 Ke5 64. Ke2 Kd4 0-1

[Event "SVK-chT1W 1718"]
[Site "Slovakia"]
[Date "2017.10.22"]
[Round "2.1"]
[White "Mihok, Oliver"]
[Black "Maslik, Miroslav"]
[Result "1-0"]
[WhiteElo "2544"]
[BlackElo "2360"]
[PlyCount "87"]
[EventDate "2017.10.21"]
[EventType "team-tourn"]
[EventRounds "11"]
[EventCountry "SVK"]
[SourceTitle "CBM 181 Extra"]
[Source "ChessBase"]
[SourceDate "2017.12.12"]
[SourceVersion "1"]
[SourceVersionDate "2017.12.12"]
[SourceQuality "1"]
[WhiteTeam "Nitra NSK"]
[BlackTeam "Bratislava Lokomotiva"]
[WhiteTeamCountry "SVK"]
[BlackTeamCountry "SVK"]

1. e4 e6 2. d4 d5 3. Nc3 Nf6 4. Bg5 Bb4 5. e5 h6 6. Bc1 Ne4 7. Qg4 g6 8. Nge2 c5 9. a3 Bxc3+ 10. bxc3 cxd4 11. cxd4 Nc6 12. c3 Qa5 13. Be3 Ne7 14. Qh3 f6 15. f3 Ng5 16. Qg4 fxe5 17. dxe5 Nf7 18. f4 h5 19. Qh3 g5 20. fxg5 Nxe5 21. Bd4 N7c6 22. g6 Qc7 23. Rd1 Qg7 24. Nf4 0-0 25. Nxh5 Qxg6 26. Be2 Bd7 27. Rf1 Rxf1+ 28. Kxf1 Nxd4 29. cxd4 Nc4 30. Kg1 Rf8 31. Rd3 Qh6 32. Qg4+ Kh8 33. h3 Ne3 34. Qg3 Nc4 35. Rc3 Be8 36. Rxc4 Bxh5 37. Qe5+ Rf6 38. Bd3 Kg8 39. Rc8+ Rf8 40. Rc7 Rf7 41. Rc8+ Rf8 42. Qg3+ Kh8 43. Rxf8+ Qxf8 44. Qe5+ 1-0

[Event "AUT-chT2O 1617"]
[Site "Austria"]
[Date "2017.04.01"]
[Round "10.2"]
[White "Kummer, Helmut"]
[Black "Maslik, Miroslav"]
[Result "0-1"]
[WhiteElo "2299"]
[BlackElo "2355"]
[PlyCount "64"]
[EventDate "2016.10.15"]
[EventType "team-tourn"]
[EventRounds "11"]
[EventCountry "AUT"]
[SourceTitle "CBM 177 Extra"]
[Source "ChessBase"]
[SourceDate "2017.04.27"]
[SourceVersion "1"]
[SourceVersionDate "2017.04.27"]
[SourceQuality "1"]
[WhiteTeam "Donaustadt"]
[BlackTeam "Pamhagen"]
[WhiteTeamCountry "AUT"]
[BlackTeamCountry "AUT"]

1. d4 Nf6 2. c4 g6 3. Nc3 d5 4. cxd5 Nxd5 5. e4 Nxc3 6. bxc3 Bg7 7. Bc4 c5 8. Ne2 0-0 9. 0-0 Nc6 10. Be3 b6 11. Qd2 Bb7 12. Bh6 cxd4 13. Bxg7 Kxg7 14. cxd4 Rc8 15. Rac1 Qd6 16. Qe3 Na5 17. Bb3 Ba6 18. Rxc8 Rxc8 19. Rd1 Bxe2 20. Qxe2 Qb4 21. Qg4 Rc3 22. Bd5 Rd3 23. h4 Rxd4 24. h5 Rxd1+ 25. Qxd1 e6 26. Qa1+ Kg8 27. a3 Qd2 28. Qe5 exd5 29. Qe8+ Kg7 30. hxg6 Qc1+ 31. Kh2 Qf4+ 32. Kg1 hxg6 0-1

[Event "SVK-chT 1617"]
[Site "Slovakia"]
[Date "2017.03.26"]
[Round "11.3"]
[White "Hrabusa, Matej"]
[Black "Maslik, Miroslav"]
[Result "1/2-1/2"]
[WhiteElo "2306"]
[BlackElo "2355"]
[PlyCount "149"]
[EventDate "2016.10.22"]
[EventType "team-tourn"]
[EventRounds "11"]
[EventCountry "SVK"]
[SourceTitle "CBM 177 Extra"]
[Source "ChessBase"]
[SourceDate "2017.04.27"]
[SourceVersion "1"]
[SourceVersionDate "2017.04.27"]
[SourceQuality "1"]
[WhiteTeam "Liptov Chess School"]
[BlackTeam "Modra"]
[WhiteTeamCountry "SVK"]
[BlackTeamCountry "SVK"]

1. d4 Nf6 2. Bg5 Ne4 3. h4 c5 4. d5 Nxg5 5. hxg5 Qb6 6. Nd2 Qxb2 7. g6 Qf6 8. gxf7+ Qxf7 9. e4 e6 10. Ngf3 Be7 11. dxe6 dxe6 12. Bb5+ Bd7 13. Rb1 0-0 14. Bxd7 Nxd7 15. Rxb7 Ne5 16. Qa1 Nxf3+ 17. Nxf3 Rfb8 18. Rxb8+ Rxb8 19. 0-0 Rb4 20. Rb1 Qf6 21. e5 Qf5 22. Rxb4 cxb4 23. Qd1 Kf7 24. Qe2 Qf4 25. g3 Qg4 26. Kg2 h5 27. Qe3 a5 28. Nd2 Qf5 29. Qf3 Kg6 30. Nc4 Qxc2 31. Nxa5 Qxa2 32. Nc6 Bc5 33. Nxb4 Bxb4 34. Qe4+ Kh6 35. Qf4+ Kh7 36. Qe4+ Kh6 37. Qf4+ Kg6 38. Qe4+ Kf7 39. Qf4+ Kg8 40. Qxb4 Qd5+ 41. Kg1 Qxe5 42. Qc4 Qd5 43. Qf4 Kh7 44. Qf7 Kh6 45. Qf4+ Kg6 46. Qf8 Qf5 47. Qe8+ Kg5 48. Qd8+ Qf6 49. Qd2+ Kg6 50. Qc2+ Qf5 51. Qc6 Kh7 52. Qd7 Qb1+ 53. Kh2 Qe4 54. Kg1 Qg4 55. Qd3+ Qg6 56. Qd4 Qb1+ 57. Kh2 Qf5 58. Kg1 e5 59. Qd5 Qb1+ 60. Kg2 Qf5 61. Kg1 Kh6 62. Qd2+ Kg6 63. Qd6+ Qf6 64. Qd3+ Kh6 65. Qd2+ Kh7 66. Qd3+ Qg6 67. Qd5 e4 68. Qe5 h4 69. Kg2 Qg4 70. Qc3 Kh6 71. Qc6+ g6 72. Qc3 hxg3 73. Qh8+ Kg5 74. Qd8+ Kf5 75. Qc8+ 1/2-1/2

[Event "AUT-chT2O 1617"]
[Site "Austria"]
[Date "2017.03.05"]
[Round "9.4"]
[White "Janetschek, Karl"]
[Black "Maslik, Miroslav"]
[Result "1/2-1/2"]
[WhiteElo "2184"]
[BlackElo "2355"]
[PlyCount "120"]
[EventDate "2016.10.15"]
[EventType "team-tourn"]
[EventRounds "11"]
[EventCountry "AUT"]
[SourceTitle "CBM 177 Extra"]
[Source "ChessBase"]
[SourceDate "2017.04.27"]
[SourceVersion "1"]
[SourceVersionDate "2017.04.27"]
[SourceQuality "1"]
[WhiteTeam "Hietzing"]
[BlackTeam "Pamhagen"]
[WhiteTeamCountry "AUT"]
[BlackTeamCountry "AUT"]

1. e4 c5 2. Nf3 e6 3. d4 cxd4 4. Nxd4 Nc6 5. Nc3 Qc7 6. g3 a6 7. Bg2 Nf6 8. Nb3 d6 9. Be3 b5 10. Qe2 Be7 11. f4 Bb7 12. a3 Rc8 13. 0-0 0-0 14. Bf3 Na5 15. Nxa5 Qxa5 16. Rfd1 Rxc3 17. bxc3 Bxe4 18. Bd4 Bxf3 19. Qxf3 g6 20. Qb7 Nd5 21. a4 Qc7 22. Qxc7 Nxc7 23. axb5 Nxb5 24. Rxa6 Nxd4 25. cxd4 Rc8 26. Ra2 d5 27. Rd3 Rc4 28. Kf2 h5 29. Ke3 Bf6 30. c3 Rc7 31. Ra3 Rb7 32. Rd2 g5 33. Rc2 Kg7 34. Ra1 Kg6 35. h3 Rb8 36. Rf1 Rc8 37. Kd3 gxf4 38. Rxf4 Bg5 39. Rf1 Rc7 40. Rb1 Be7 41. Rcb2 Bd6 42. g4 hxg4 43. hxg4 Rc8 44. Rf1 Rc7 45. Rbf2 Bg3 46. Rf6+ Kg7 47. R6f3 Bh4 48. Rc1 Ra7 49. Rff1 Ra2 50. c4 dxc4+ 51. Rxc4 Rg2 52. Rc7 Bf6 53. Rf4 Kg6 54. Re4 Bg5 55. Rc2 Rg1 56. Kc4 Rf1 57. Kc5 Bf4 58. d5 exd5 59. Kxd5 Kg5 60. Rg2 Rd1+ 1/2-1/2

[Event "SVK-chT1W 1617"]
[Site "Slovakia"]
[Date "2017.02.26"]
[Round "9.1"]
[White "Maslik, Miroslav"]
[Black "Chovan, Milan"]
[Result "1/2-1/2"]
[WhiteElo "2346"]
[BlackElo "2283"]
[PlyCount "113"]
[EventDate "2016.10.15"]
[EventType "team-tourn"]
[EventRounds "11"]
[EventCountry "SVK"]
[SourceTitle "EXT 2018"]
[Source "ChessBase"]
[SourceDate "2017.10.13"]
[SourceVersion "1"]
[SourceVersionDate "2017.10.13"]
[SourceQuality "1"]
[WhiteTeam "Bratislava Lokomotiva"]
[BlackTeam "Nitra ASK"]
[WhiteTeamCountry "SVK"]
[BlackTeamCountry "SVK"]

1. d4 Nf6 2. c4 g6 3. Nc3 d5 4. cxd5 Nxd5 5. e4 Nxc3 6. bxc3 Bg7 7. Nf3 c5 8. Be3 Qa5 9. Nd2 cxd4 10. Nc4 Qd8 11. cxd4 f5 12. Be2 fxe4 13. Qb3 Be6 14. Qxb7 Bd5 15. Qb5+ Nc6 16. Ne5 Bxe5 17. dxe5 Rb8 18. Qc5 0-0 19. Rd1 e6 20. Bg4 Qa5+ 21. Qxa5 Nxa5 22. 0-0 Nc4 23. Bxa7 Ra8 24. Bc5 Rfe8 25. a3 Nxa3 26. Ra1 Nc4 27. Bd4 Kf7 28. h4 Rxa1 29. Rxa1 Ra8 30. Rxa8 Bxa8 31. Kh2 Bd5 32. Kg3 Na5 33. Bh3 Nc6 34. Bc3 Ne7 35. Kf4 Bc6 36. Be1 Nf5 37. h5 Bd5 38. Bc3 Ng7 39. h6 Nf5 40. Kg5 Bc4 41. Bb4 e3 42. fxe3 Nxe3 43. Bd2 Nd5 44. g3 Ne7 45. Bg2 Bd5 46. Bf1 Nf5 47. Kg4 Nd4 48. Bd3 Bb3 49. Bg5 Bd1+ 50. Kh3 Be2 51. Bb1 Nf3 52. Bf6 Nd2 53. Bc2 Nc4 54. Kh4 Ne3 55. Be4 Bd1 56. Kg5 Bc2 57. Kf4 1/2-1/2

[Event "SVK-chT 1617"]
[Site "Slovakia"]
[Date "2017.02.19"]
[Round "8.3"]
[White "Maslik, Miroslav"]
[Black "Dovzik, Juri"]
[Result "1/2-1/2"]
[WhiteElo "2355"]
[BlackElo "2283"]
[PlyCount "42"]
[EventDate "2016.10.22"]
[EventType "team-tourn"]
[EventRounds "11"]
[EventCountry "SVK"]
[SourceTitle "CBM 177 Extra"]
[Source "ChessBase"]
[SourceDate "2017.04.27"]
[SourceVersion "1"]
[SourceVersionDate "2017.04.27"]
[SourceQuality "1"]
[WhiteTeam "Modra"]
[BlackTeam "Kosice Slavia UPJS"]
[WhiteTeamCountry "SVK"]
[BlackTeamCountry "SVK"]

1. d4 d5 2. c4 c6 3. Nf3 Nf6 4. Nc3 g6 5. Bf4 a6 6. a4 Bg7 7. e3 0-0 8. Bd3 Bg4 9. Qb3 Bxf3 10. Qxb7 Bxg2 11. Rg1 Be4 12. Bxe4 Nxe4 13. Qxa8 Qb6 14. Nxe4 Nd7 15. Qxf8+ Bxf8 16. Nd2 e5 17. Bxe5 Nxe5 18. dxe5 Qxb2 19. Rb1 Qxe5 20. cxd5 cxd5 21. Ke2 Qe8 1/2-1/2

[Event "SVK-chT 1617"]
[Site "Slovakia"]
[Date "2017.01.15"]
[Round "6.5"]
[White "Maslik, Miroslav"]
[Black "Repkova, Eva"]
[Result "1/2-1/2"]
[WhiteElo "2355"]
[BlackElo "2329"]
[PlyCount "89"]
[EventDate "2016.10.22"]
[EventType "team-tourn"]
[EventRounds "11"]
[EventCountry "SVK"]
[SourceTitle "CBM 177 Extra"]
[Source "ChessBase"]
[SourceDate "2017.04.27"]
[SourceVersion "1"]
[SourceVersionDate "2017.04.27"]
[SourceQuality "1"]
[WhiteTeam "Modra"]
[BlackTeam "Sabinov"]
[WhiteTeamCountry "SVK"]
[BlackTeamCountry "SVK"]

1. d4 Nf6 2. Nf3 b6 3. g3 Bb7 4. Bg2 e6 5. 0-0 Be7 6. c4 Ne4 7. Nfd2 d5 8. Nxe4 dxe4 9. Nc3 f5 10. f3 exf3 11. Bxf3 Bxf3 12. Rxf3 0-0 13. e4 c5 14. d5 Nd7 15. exf5 Ne5 16. Rf1 exf5 17. Qe2 Bf6 18. Bf4 Ng4 19. Rae1 Bd4+ 20. Kg2 Re8 21. Qd2 Qd7 22. Nb5 Be5 23. h3 Bxf4 24. Qxf4 Nf6 25. Qxf5 Rxe1 26. Qxd7 Re2+ 27. Kf3 Nxd7 28. Kxe2 Ne5 29. b3 a6 30. Nc7 Rc8 31. Ne6 b5 32. cxb5 axb5 33. a4 bxa4 34. bxa4 c4 35. a5 c3 36. a6 Nc4 37. a7 Nb6 38. Ra1 c2 39. Rc1 Nxd5 40. Kd2 Ra8 41. Ra1 Kf7 42. Nd4 Nb4 43. Nb5 Rd8+ 44. Ke3 Na2 45. Nc7 1/2-1/2

[Event "SVK-chT 1617"]
[Site "Slovakia"]
[Date "2016.12.17"]
[Round "3.4"]
[White "Maslik, Miroslav"]
[Black "Bokros, Albert"]
[Result "1/2-1/2"]
[WhiteElo "2355"]
[BlackElo "2488"]
[PlyCount "100"]
[EventDate "2016.10.22"]
[EventType "team-tourn"]
[EventRounds "11"]
[EventCountry "SVK"]
[SourceTitle "CBM 177 Extra"]
[Source "ChessBase"]
[SourceDate "2017.04.27"]
[SourceVersion "1"]
[SourceVersionDate "2017.04.27"]
[SourceQuality "1"]
[WhiteTeam "Modra"]
[BlackTeam "Dunajska Streda"]
[WhiteTeamCountry "SVK"]
[BlackTeamCountry "SVK"]

1. d4 Nf6 2. Nf3 e6 3. Bg5 d5 4. e3 c5 5. Be2 Nc6 6. 0-0 h6 7. Bh4 cxd4 8. exd4 Be7 9. Re1 0-0 10. Ne5 Nxe5 11. dxe5 Nd7 12. Bxe7 Qxe7 13. Bf3 Nc5 14. Qd4 Bd7 15. c4 dxc4 16. Na3 c3 17. bxc3 Rfd8 18. Nc4 Bc6 19. Nd6 Bxf3 20. gxf3 b6 21. Rad1 Rf8 22. f4 f6 23. Re3 fxe5 24. fxe5 Kh8 25. Rg3 g5 26. Qg4 Qg7 27. Qh5 Kh7 28. h4 Qg6 29. Qxg6+ Kxg6 30. Rd4 Rh8 31. hxg5 hxg5 32. Rdg4 Rh5 33. f4 Rf8 34. Kg2 Kh6 35. Rxg5 Rxg5 36. fxg5+ Kg6 37. Rf3 Rxf3 38. Kxf3 Kxg5 39. Ke3 a6 40. Nc8 Nd7 41. Ke4 Nc5+ 42. Kd4 Nd7 43. Ne7 Kf4 44. Nc6 Kf5 45. Nb4 Nb8 46. a4 a5 47. Nc2 Nc6+ 48. Kc4 Nxe5+ 49. Kb5 Nd7 50. Kc6 Ke5 1/2-1/2

[Event "SVK-chT1W 1617"]
[Site "Slovakia"]
[Date "2016.12.10"]
[Round "5.2"]
[White "Karas, Marek"]
[Black "Maslik, Miroslav"]
[Result "0-1"]
[WhiteElo "2245"]
[BlackElo "2346"]
[PlyCount "96"]
[EventDate "2016.10.15"]
[EventType "team-tourn"]
[EventRounds "11"]
[EventCountry "SVK"]
[SourceTitle "EXT 2018"]
[Source "ChessBase"]
[SourceDate "2017.10.13"]
[SourceVersion "1"]
[SourceVersionDate "2017.10.13"]
[SourceQuality "1"]
[WhiteTeam "Bratislava KSN"]
[BlackTeam "Bratislava Lokomotiva"]
[WhiteTeamCountry "SVK"]
[BlackTeamCountry "SVK"]

1. d4 Nf6 2. Nf3 d5 3. c4 c6 4. Nc3 e6 5. cxd5 exd5 6. Bg5 Bf5 7. e3 Qb6 8. Qb3 Nbd7 9. Be2 Bd6 10. Nh4 Qxb3 11. axb3 Bc2 12. Bd1 Bxd1 13. Rxd1 Bb4 14. Bxf6 Nxf6 15. 0-0 0-0 16. Ra1 Ne4 17. Nxe4 dxe4 18. Nf5 a5 19. Rfd1 Rad8 20. Ng3 f5 21. Ne2 Kf7 22. Nc3 Ke6 23. Na2 Ra8 24. Nxb4 axb4 25. Kf1 b6 26. Ke2 Kd5 27. Rdc1 Kd6 28. Kd2 g5 29. Ra4 Rxa4 30. bxa4 Ra8 31. b3 Kd5 32. Rc4 c5 33. dxc5 bxc5 34. Rc2 h5 35. Kc1 h4 36. Rd2+ Kc6 37. Kc2 f4 38. Re2 h3 39. g3 fxg3 40. fxg3 Rf8 41. Kd1 Rf1+ 42. Re1 Rf2 43. Re2 Rg2 44. Ke1 g4 45. Kd1 Kb6 46. Ke1 c4 47. Rd2 Rxd2 48. Kxd2 cxb3 0-1